Carregant...

Samakaalika Bharthachatithram /

Dades bibliogràfiques
Altres autors: Narayanan, Nair, P.
Format: Printed Book
Idioma:Malayalam
Publicat: Thiruvananthapuram : Krarla Bhasha Institute , 1995.
LEADER 00467nam a2200121Ia 4500
008 150624b xxu||||| |||| 00| | mal d
245 |c P. Nair Narayanan  |a Samakaalika Bharthachatithram / 
260 |a Thiruvananthapuram :  |b Krarla Bhasha Institute ,  |c 1995. 
546 |a In Malayalam. 
700 |a Narayanan, Nair, P. 
942 |c BK 
999 |c 83769  |d 83769 
952 |0 1  |1 4  |4 0  |6 954_040000000000000_VAL_S  |7 0  |9 83713  |a UL  |b UL  |c ST1  |d 1998-11-11  |l 0  |o 954.04 VAL/S  |p 70927  |r 2012-10-27  |v 105.00  |y BK